000 00353nam a2200133Ia 4500
008 191014s9999 xx 000 0 und d
020 _aLC 486-62263-0
082 _a537
_bSLA
100 _ajohnc.Slater And Nathaniel H.Frank
_920311
245 0 _aElectromagnetism
260 _aUSA
_bDover Publications INC.
_c1947
300 _aXiii,236
942 _cBK
999 _c530882
_d530882